[Event "ch-ISR"]
[Site "Ramat Aviv ISR"]
[Date "2004.09.19"]
[Round "1"]
[White "Avrukh,B"]
[Black "Kantarji,P"]
[Result "1-0"]
[WhiteElo "2600"]
[BlackElo "2414"]
[EventDate "2004.09.19"]

1. d4 d5 2. c4 c6 3. Nc3 Nf6 4. Nf3 e6 5. Bg5 Be7 6. e3 Nbd7 7. Qc2 O-O 8.
Rd1 b6 9. Bd3 h6 10. Bf4 Ba6 11. b3 Nh5 12. Be5 Nxe5 13. Nxe5 Rc8 14. Bh7+
Kh8 15. Nxf7+ Rxf7 16. Bg6 Rf5 17. g4 Rf8 18. Bxh5 dxc4 19. Rd2 Bh4 20. b4
Qe7 21. O-O Qxb4 22. f4 Qe7 23. Bg6 c5 24. d5 Rcd8 25. Be4 b5 26. Rfd1 exd5
27. Nxd5 Qf7 28. Bg6 Qg8 29. g5 Bb7 30. Nc7 Rxd2 31. Rxd2 Rc8 32. Rd7 Bc6
33. Rf7 Rf8 34. Re7 Rb8 35. Ne6 Rb7 36. Bf7 Qh7 37. Rxb7 1-0

[Event "ch-ISR"]
[Site "Ramat Aviv ISR"]
[Date "2004.09.19"]
[Round "1"]
[White "Kudischewitsch,D"]
[Black "Huzman,A"]
[Result "0-1"]
[WhiteElo "2405"]
[BlackElo "2588"]
[EventDate "2004.09.19"]

1. d4 Nf6 2. c3 g6 3. Bf4 Bg7 4. e3 d6 5. h3 O-O 6. Nf3 c5 7. dxc5 dxc5 8.
Na3 Nc6 9. Ne5 Nd5 10. Nxc6 bxc6 11. Nc4 Nxf4 12. exf4 Be6 13. Qxd8 Rfxd8
14. Rd1 Rdb8 15. Rd2 Bxc4 16. Bxc4 Rxb2 17. Rxb2 Bxc3+ 18. Ke2 Bxb2 19. Rb1
Rb8 20. f3 e6 21. g3 Kg7 22. h4 Rb4 23. Kd3 Bc3 24. Bb3 Bd4 25. Ke2 c4 26.
Bc2 a5 27. g4 Rxb1 28. Bxb1 h5 29. Be4 c5 30. Kf1 f5 31. Bc2 Be3 0-1

[Event "ch-ISR"]
[Site "Ramat Aviv ISR"]
[Date "2004.09.19"]
[Round "1"]
[White "Roiz,M"]
[Black "Klenburg,M"]
[Result "1-0"]
[WhiteElo "2574"]
[BlackElo "2399"]
[EventDate "2004.09.19"]

1. d4 d5 2. c4 dxc4 3. e4 Nf6 4. e5 Nd5 5. Bxc4 Nc6 6. Nc3 Nb6 7. Bb5 Be6
8. Nge2 a6 9. Bxc6+ bxc6 10. Nf4 Qc8 11. Qd3 Qd7 12. Nxe6 Qxe6 13. O-O Nd5
14. Ne4 g6 15. Bd2 Bg7 16. Rac1 O-O 17. Nc5 Qc8 18. Nb3 Qd7 19. Rc2 f6 20.
Nc5 Qc8 21. Qe4 fxe5 22. dxe5 Rb8 23. Rfc1 Qf5 24. Qxf5 Rxf5 25. Nd3 Rd8
26. f4 e6 27. g3 g5 28. fxg5 Ne7 29. Nc5 Rxe5 30. Bf4 Rxc5 31. Rxc5 Bd4+
32. Kg2 Bxc5 33. Rxc5 Rd5 34. Rc3 e5 35. Be3 Rb5 36. Bc1 Ra5 37. a3 Rd5 38.
Kf3 Kf7 39. Ke2 Ke6 40. g4 Rd8 41. Rh3 Rh8 42. Rh6+ Kd5 43. h4 Ng8 44. Rh5
Ne7 45. Bd2 Ke6 46. Rh6+ Kd5 47. Rf6 Ke4 48. h5 Rb8 49. b4 Rh8 50. Rh6 1-0

[Event "ch-ISR"]
[Site "Ramat Aviv ISR"]
[Date "2004.09.19"]
[Round "1"]
[White "Shachar,E"]
[Black "Postny,E"]
[Result "0-1"]
[WhiteElo "2394"]
[BlackElo "2563"]
[EventDate "2004.09.19"]

1. e4 c5 2. Nf3 e6 3. d3 Nc6 4. g3 d5 5. Nbd2 Bd6 6. Bg2 Nge7 7. O-O O-O 8.
Nh4 b6 9. f4 dxe4 10. Nxe4 Bc7 11. Re1 Nd5 12. Qh5 Rb8 13. c3 Qd7 14. Bd2
f5 15. Ng5 Nf6 16. Qd1 Re8 17. Nxf5 h6 18. Nh4 hxg5 19. fxg5 Nh7 20. Be4 g6
21. Bxg6 Bb7 22. Qh5 Re7 23. Bxh7+ Rxh7 24. Qg6+ Rg7 25. Qxe6+ Qxe6 26.
Rxe6 Ne5 27. d4 cxd4 28. cxd4 Nf3+ 29. Nxf3 Bxf3 30. Rae1 Bd5 31. Rf6 Rf8
32. Bb4 Rxf6 33. gxf6 Rd7 34. Re7 Rxe7 35. fxe7 Kf7 36. Kf2 Bxa2 37. h4 a5
38. Ba3 Be6 39. h5 Bg4 40. d5 Be5 41. h6 Bd7 42. b4 a4 43. Kf3 Kg6 44. Bc1
Bd6 45. Ba3 Kxh6 46. Ke4 Kg6 47. g4 Kf6 48. Bb2+ Kxe7 49. Bd4 b5 50. g5
Bxb4 51. g6 Bd6 52. Ba1 b4 53. g7 Kf7 54. Kd3 Bb5+ 55. Kc2 Bc4 0-1

[Event "ch-ISR"]
[Site "Ramat Aviv ISR"]
[Date "2004.09.19"]
[Round "1"]
[White "Mikhalevski,V"]
[Black "Bitansky,I"]
[Result "1-0"]
[WhiteElo "2551"]
[BlackElo "2377"]
[EventDate "2004.09.19"]

1. d4 Nf6 2. c4 g6 3. Nc3 Bg7 4. e4 O-O 5. Nf3 c6 6. Bd3 d6 7. h3 e5 8. O-O
exd4 9. Nxd4 Nbd7 10. Bf4 Nc5 11. Bc2 d5 12. exd5 cxd5 13. Ndb5 a6 14. Nc7
Ne6 15. Nxe6 Bxe6 16. c5 b6 17. cxb6 Qxb6 18. Be5 Rfd8 19. Na4 Qb4 20. Qd4
Qxd4 21. Bxd4 Ne4 22. Rfd1 Rac8 23. Bb3 Bh6 24. Nc3 Nd2 25. Bc2 Rb8 26. Ne2
Nc4 27. b3 Nd6 28. Be5 Bg7 29. Bxg7 Kxg7 30. Nd4 Rdc8 31. Bd3 a5 32. g4 Rc3
33. Rac1 Rbc8 34. Rxc3 Rxc3 35. f3 Kf6 36. Kf2 Bd7 37. Ne2 Rc5 38. Ke3 Rc8
39. Nf4 Be6 40. Kd4 Rb8 41. Be2 Rb4+ 42. Ke3 a4 43. Nxd5+ Bxd5 44. Rxd5 Ke6
45. Rd4 Rxd4 46. Kxd4 axb3 47. axb3 g5 48. Bd3 h6 49. b4 Nc8 50. Bf5+ 1-0

[Event "ch-ISR"]
[Site "Ramat Aviv ISR"]
[Date "2004.09.19"]
[Round "1"]
[White "Gerzhoy,L"]
[Black "Gofshtein,Z"]
[Result "1/2-1/2"]
[WhiteElo "2376"]
[BlackElo "2540"]
[EventDate "2004.09.19"]

1. d4 e6 2. c4 Bb4+ 3. Bd2 a5 4. Nf3 d6 5. g3 Nf6 6. Bg2 Nc6 7. O-O Bxd2 8.
Qxd2 O-O 9. Nc3 e5 10. Rad1 Qe7 11. dxe5 dxe5 12. Nd5 Nxd5 13. cxd5 Nb8 14.
Qc3 Re8 15. Rc1 c6 16. Rfd1 Bf5 17. d6 Qe6 18. h3 Nd7 19. g4 Bg6 20. Ng5
Qf6 21. Ne4 Bxe4 22. Bxe4 g6 23. Qb3 Rab8 24. Qe3 Qe6 25. a3 Nf6 26. Bg2
Rbd8 27. Qc5 Rd7 28. Qxa5 Rxd6 29. Qb4 Rxd1+ 30. Rxd1 Re7 31. Qd6 Qxd6 32.
Rxd6 Kg7 33. b4 Ne8 34. Rd3 f5 35. gxf5 gxf5 36. e3 Kf6 37. a4 Ke6 38. e4
fxe4 39. Bxe4 Nf6 40. f3 Nh5 41. Rd8 Rg7+ 42. Kf1 Nf6 1/2-1/2

[Event "ch-ISR"]
[Site "Ramat Aviv ISR"]
[Date "2004.09.19"]
[Round "1"]
[White "Deutsch,E"]
[Black "Erenburg,S"]
[Result "0-1"]
[WhiteElo "2350"]
[BlackElo "2533"]
[EventDate "2004.09.19"]

1. d4 Nf6 2. e3 c5 3. c3 e6 4. f4 b6 5. Nf3 Be7 6. Bd3 d5 7. O-O O-O 8.
Nbd2 Ba6 9. Bxa6 Nxa6 10. Qe2 Qc8 11. e4 dxe4 12. Nxe4 Qb7 13. Nxf6+ Bxf6
14. Be3 Rac8 15. Rad1 Rfd8 16. dxc5 Nxc5 17. Bd4 Bxd4+ 18. Nxd4 Rd5 19. Nf3
Rcd8 20. c4 R5d7 21. Ne5 Rd4 22. Nf3 R4d6 23. Rxd6 Rxd6 24. f5 h6 25. Qe5
Qe7 26. fxe6 Rxe6 27. Qb8+ Kh7 28. Nd4 Rf6 29. Nf3 Qe3+ 30. Kh1 Qe2 31. Kg1
Ne4 32. h3 Rg6 33. Nh4 Nd2 34. Ra1 Nf3+ 0-1

[Event "ch-ISR"]
[Site "Ramat Aviv ISR"]
[Date "2004.09.19"]
[Round "1"]
[White "Gershon,A"]
[Black "Birnboim,N"]
[Result "1-0"]
[WhiteElo "2518"]
[BlackElo "2349"]
[EventDate "2004.09.19"]

1. d4 Nf6 2. c4 c5 3. d5 e5 4. Nc3 d6 5. e4 Be7 6. g3 O-O 7. Bg2 Ne8 8.
Nge2 Nc7 9. O-O Qe8 10. a4 Nba6 11. f4 Bf6 12. Be3 Nb4 13. f5 b6 14. Qd2
Qd8 15. b3 h6 16. h4 Bd7 17. Kh2 Ne8 18. Ng1 Be7 19. Bf3 Nf6 20. Nh3 Nh7
21. Rg1 g5 22. Nf2 Kh8 23. Rh1 Rg8 24. Ng4 gxh4 25. Nxh6 Rg7 26. gxh4 Bf8
27. Kh3 Qf6 28. Bg5 Rxg5 29. hxg5 Bxh6 30. gxh6 Rg8 31. Bg4 Ng5+ 32. Kg3
Nxe4+ 33. Nxe4 Qxf5 34. Nf2 Nd3 35. Rh4 1-0

[Event "ch-ISR"]
[Site "Ramat Aviv ISR"]
[Date "2004.09.19"]
[Round "1"]
[White "Shevelev,A"]
[Black "Zoler,D"]
[Result "1/2-1/2"]
[WhiteElo "2340"]
[BlackElo "2518"]
[EventDate "2004.09.19"]

1. e4 c5 2. Nf3 d6 3. d4 cxd4 4. Nxd4 Nf6 5. Nc3 g6 6. g3 Nc6 7. Bg2 Nxd4
8. Qxd4 Bg7 9. O-O O-O 10. Qd3 Be6 11. Nd5 Rc8 12. c3 Qd7 13. Re1 Nxd5 14.
exd5 Bf5 15. Qe2 Rfe8 16. Be3 b5 17. Rac1 Rc7 18. Qd2 Bh3 19. Be4 Rb8 20.
Bg5 Rbb7 21. Bg2 Qf5 22. Bxh3 Qxh3 23. Re4 Qf5 24. Rce1 f6 25. Bh6 Bxh6 26.
Qxh6 Qxd5 27. Re6 Qg5 28. Qh3 h5 29. Qg2 Qf5 30. h3 Kf7 31. R6e3 Qc5 32. a3
d5 33. Qf3 Qd6 34. Re6 Qxe6 35. Rxe6 Kxe6 36. Qe3+ Kd6 37. Qf4+ Kc6 38. Qh6
g5 39. Qxh5 a5 40. Qe8+ Kc5 41. h4 gxh4 42. gxh4 Kc4 43. h5 Kb3 44. h6 e5
45. Qe6 Kxb2 46. Qxf6 Kxc3 47. Qxe5+ Kb3 48. Qxd5+ Kxa3 49. Qd3+ Kb4 50. h7
Rxh7 51. Qd4+ Kb3 52. Qd3+ Ka4 53. Qd1+ Ka3 54. Qd3+ 1/2-1/2

[Event "ch-ISR"]
[Site "Ramat Aviv ISR"]
[Date "2004.09.19"]
[Round "1"]
[White "Lerner,K"]
[Black "Rinberg,A"]
[Result "1-0"]
[WhiteElo "2494"]
[BlackElo "2336"]
[EventDate "2004.09.19"]

1. Nf3 Nf6 2. c4 g6 3. g3 Bg7 4. Bg2 O-O 5. d4 d6 6. Nc3 Nbd7 7. O-O e5 8.
e4 c6 9. b3 exd4 10. Nxd4 Re8 11. h3 Nc5 12. Re1 a5 13. Bf4 Nh5 14. Be3 Qe7
15. Qc2 Nf6 16. Rad1 Nfd7 17. f4 Qf8 18. Bf2 Bf6 19. a3 Qg7 20. Nde2 Be7
21. Kh2 Qh6 22. Rg1 Nf6 23. Bxc5 dxc5 24. e5 Bf5 25. Qc1 Nd7 26. g4 Be6 27.
Ng3 Nf8 28. Nge4 Qh4 29. Rgf1 Bc8 30. f5 Nd7 31. e6 fxe6 32. Rxd7 exf5 33.
gxf5 Bxd7 34. f6 Bf5 35. Rf4 Qh6 36. f7+ 1-0

[Event "ch-ISR"]
[Site "Ramat Aviv ISR"]
[Date "2004.09.19"]
[Round "1"]
[White "Kaplan,S"]
[Black "Kantsler,B"]
[Result "1/2-1/2"]
[WhiteElo "2326"]
[BlackElo "2474"]
[EventDate "2004.09.19"]

1. e4 g6 2. d4 Bg7 3. Nc3 d6 4. f4 Nf6 5. Nf3 O-O 6. Be3 b6 7. e5 Ng4 8.
Bg1 c5 9. dxc5 bxc5 10. h3 Nh6 11. Bc4 Nc6 12. Bf2 Rb8 13. O-O dxe5 14.
fxe5 Nxe5 15. Nxe5 Bxe5 16. Qxd8 Rxd8 17. Rae1 Bd4 18. Rxe7 Rxb2 19. Bxd4
cxd4 20. Ne4 Bf5 21. Ng5 Rf8 22. h4 Bxc2 1/2-1/2

[Event "ch-ISR"]
[Site "Ramat Aviv ISR"]
[Date "2004.09.19"]
[Round "1"]
[White "Gruenfeld,Y"]
[Black "Zaltz,D"]
[Result "1-0"]
[WhiteElo "2471"]
[BlackElo "2315"]
[EventDate "2004.09.19"]

1. e4 c5 2. Nf3 d6 3. d4 cxd4 4. Nxd4 Nf6 5. Nc3 g6 6. Be3 Bg7 7. f3 O-O 8.
Qd2 Nc6 9. Bc4 Bd7 10. h4 Ne5 11. Bb3 Rc8 12. O-O-O Nc4 13. Qe2 Nxe3 14.
Qxe3 Qb6 15. Qd2 Qc5 16. g4 b5 17. h5 b4 18. Nce2 a5 19. hxg6 hxg6 20. Nf5
Bxf5 21. gxf5 a4 22. Bxa4 Qe5 23. Qd4 Qa5 24. Bb3 Nd7 25. Qd5 Rc5 26. Qd2
Rfc8 27. Kb1 Ne5 28. fxg6 Nc4 29. gxf7+ Kf8 30. Nf4 Nxd2+ 31. Rxd2 d5 32.
exd5 Bf6 33. Rh7 Bg7 34. Rg2 Rxc2 1-0

[Event "ch-ISR"]
[Site "Ramat Aviv ISR"]
[Date "2004.09.19"]
[Round "1"]
[White "Kataev,Si"]
[Black "Khmelniker,I"]
[Result "1/2-1/2"]
[WhiteElo "2286"]
[BlackElo "2444"]
[EventDate "2004.09.19"]

1. d4 Nf6 2. Nf3 g6 3. Bg5 Bg7 4. Nbd2 d5 5. e3 O-O 6. c3 c5 7. Bd3 b6 8.
O-O Bb7 9. Qe2 Ne4 10. Bf4 Nd7 11. Rad1 Nxd2 12. Rxd2 c4 13. Bc2 f5 14. Ng5
Rf6 15. Be5 Nxe5 16. dxe5 Rc6 17. Ba4 Bxe5 18. Bxc6 Bxc6 19. e4 fxe4 20.
Nxe4 Qc7 21. Ng5 Bxh2+ 22. Kh1 Qe5 23. g3 Qxg5 24. Qe6+ Kg7 25. Qxc6 Qxd2
26. Qxa8 Qe2 27. Kg2 Bxg3 28. Qxd5 Be5 29. Rd1 Qg4+ 30. Kf1 Bf6 31. Rd2 h5
32. Re2 Qf4 33. Re3 h4 34. Qe4 Qc7 35. Kg2 Qc5 36. Kh3 b5 37. a3 Qd6 38.
Re1 Qd2 39. Rg1 g5 40. f4 Qxb2 41. fxg5 Qxc3+ 42. Kxh4 Be5 43. Rg4 Qb2 44.
Kh5 Qh2+ 45. Rh4 Qg3 46. Qg6+ Kf8 47. Qf5+ Kg7 48. Rh3 Qf4 49. Qg6+ Kf8 50.
Qc6 Qf7+ 51. Kg4 Qf4+ 52. Kh5 Qf7+ 53. Kg4 Qf4+ 54. Kh5 Qf7+ 1/2-1/2

[Event "ch-ISR"]
[Site "Ramat Aviv ISR"]
[Date "2004.09.19"]
[Round "1"]
[White "Porat,S"]
[Black "Sidorenko,I"]
[Result "0-1"]
[WhiteElo "2431"]
[BlackElo "2283"]
[EventDate "2004.09.19"]

1. d4 Nf6 2. c4 g6 3. Nc3 Bg7 4. e4 d6 5. Nf3 O-O 6. Be2 e5 7. O-O Nc6 8.
d5 Ne7 9. a4 a5 10. Ne1 Nd7 11. Nd3 f5 12. exf5 gxf5 13. Ra3 f4 14. Kh1 Nf6
15. g3 fxg3 16. hxg3 Qd7 17. Kg1 Qh3 18. Ne1 Ng4 19. Bxg4 Bxg4 20. Qd3 Rf5
21. Qe4 Raf8 22. Be3 Rh5 23. Qg2 Nf5 24. Qxh3 Rxh3 25. Ng2 Nxe3 26. fxe3
Rh1+ 27. Kxh1 Rxf1+ 28. Kh2 Bf3 29. g4 e4 30. Nf4 Bf6 31. Kg3 Rh1 32. Nh3
Be5+ 33. Nf4 Rg1+ 34. Kf2 Rxg4 35. Rb3 b6 36. Nb5 Bxf4 37. exf4 Rxf4 38.
Kg3 Rf7 39. Re3 Rg7+ 40. Kh4 Kf8 41. Nd4 Rf7 42. Kg5 Ke7 43. Kh6 Kd7 44.
Ne6 c6 45. Ng5 Rf6+ 46. Kxh7 cxd5 47. cxd5 Rf5 48. Nxe4 Bxe4 49. Rxe4 Rxd5
50. Kg6 Re5 51. Rd4 d5 52. Kf6 Kd6 53. Rd3 Re4 54. Rb3 Rb4 55. Rxb4 axb4
56. Kf5 Kc5 57. Ke5 Kc4 0-1

[Event "ch-ISR"]
[Site "Ramat Aviv ISR"]
[Date "2004.09.19"]
[Round "1"]
[White "Bykhovsky,An ISR"]
[Black "Zilberman,Y"]
[Result "1/2-1/2"]
[WhiteElo "2209"]
[BlackElo "2430"]
[EventDate "2004.09.19"]

1. d4 Nf6 2. Nf3 d5 3. c4 dxc4 4. e3 Bg4 5. Bxc4 e6 6. O-O a6 7. Nc3 Nc6 8.
h3 Bh5 9. Re1 Bd6 10. g4 Bg6 11. e4 Nd7 12. e5 Be7 13. d5 exd5 14. Nxd5 Nb6
15. Nxb6 cxb6 16. Bf4 b5 17. Bd5 O-O 18. a3 Kh8 19. Rc1 Rc8 20. Bg3 b4 21.
a4 Qb6 22. h4 Rcd8 23. h5 Qa5 24. hxg6 Rxd5 25. Qe2 fxg6 26. Qe4 Rdd8 27.
e6 Qxa4 28. Kg2 Qb5 29. Rcd1 Rde8 30. Rh1 Kg8 31. Rxh7 Rxf3 32. Rdh1 Rxg3+
33. fxg3 Bh4 34. R7xh4 Kf8 35. e7+ Nxe7 36. Rh8+ Kf7 37. Rf1+ Qxf1+ 38.
Kxf1 Rxh8 39. Qxb7 Rc8 40. Qxb4 Rc6 41. g5 Kf8 42. Kf2 Ke8 43. Qd4 Kf7 44.
g4 Kf8 1/2-1/2

[Event "ch-ISR"]
[Site "Ramat Aviv ISR"]
[Date "2004.09.19"]
[Round "1"]
[White "Krayz,A"]
[Black "Karasik,E"]
[Result "1-0"]
[WhiteElo "2424"]
[BlackElo "2174"]
[EventDate "2004.09.19"]

1. e4 c5 2. b3 Nc6 3. Bb2 e5 4. Bc4 d6 5. d3 Nf6 6. Nc3 Nd4 7. a4 Be7 8.
Nge2 O-O 9. O-O Bg4 10. f3 Be6 11. f4 exf4 12. Nxf4 Bg4 13. Qd2 Nh5 14.
Nxh5 Bxh5 15. Nd5 Bg5 16. Qf2 Ne6 17. Ne3 Bg6 18. g3 Bxe3 19. Qxe3 Qg5 20.
Qxg5 Nxg5 21. Bd5 Rab8 22. e5 dxe5 23. Bxe5 Rbd8 24. Bxb7 Rfe8 25. Bc7 Rd7
26. Bc6 Rxc7 27. Bxe8 a6 28. a5 Re7 29. Bc6 Re2 30. Rae1 Nh3+ 31. Kh1 Nf2+
32. Kg2 1-0

[Event "ch-ISR"]
[Site "Ramat Aviv ISR"]
[Date "2004.09.20"]
[Round "2"]
[White "Erenburg,S"]
[Black "Avrukh,B"]
[Result "1/2-1/2"]
[WhiteElo "2533"]
[BlackElo "2600"]
[EventDate "2004.09.19"]

1. e4 c5 2. Nf3 d6 3. d4 cxd4 4. Nxd4 Nf6 5. Nc3 Nc6 6. Bg5 e6 7. Qd2 a6 8.
O-O-O Bd7 9. f4 Be7 10. Nf3 b5 11. Bxf6 gxf6 12. f5 Qb6 13. g3 b4 14. Ne2
Qf2 15. Ned4 Qxd2+ 16. Rxd2 Nxd4 17. Nxd4 Bd8 18. Bc4 Ke7 19. Rhd1 Bb6 20.
Kb1 Rhb8 21. Ne2 Bc7 22. Nf4 a5 23. Bf1 a4 24. Rd4 Ra5 25. Bc4 Rb6 26. Bf1
Bb8 27. R4d2 Bc6 28. Bg2 b3 29. cxb3 axb3 30. a3 Ra4 31. Re1 Bb7 32. Rde2
Ba6 1/2-1/2

[Event "ch-ISR"]
[Site "Ramat Aviv ISR"]
[Date "2004.09.20"]
[Round "2"]
[White "Huzman,A"]
[Black "Gershon,A"]
[Result "1/2-1/2"]
[WhiteElo "2588"]
[BlackElo "2518"]
[EventDate "2004.09.19"]

1. d4 Nf6 2. c4 e6 3. g3 c5 4. d5 exd5 5. cxd5 b5 6. Bg2 d6 7. e4 Nbd7 8.
Nf3 g6 9. Bf4 Nh5 10. Bg5 Qa5+ 11. Nbd2 Bg7 12. a4 h6 13. Be3 Nb6 14. O-O
bxa4 15. e5 O-O 16. Ne4 dxe5 17. Bxc5 1/2-1/2

[Event "ch-ISR"]
[Site "Ramat Aviv ISR"]
[Date "2004.09.20"]
[Round "2"]
[White "Lerner,K"]
[Black "Roiz,M"]
[Result "1/2-1/2"]
[WhiteElo "2494"]
[BlackElo "2574"]
[EventDate "2004.09.19"]

1. e4 g6 2. c4 Bg7 3. d4 d5 4. Nc3 Nf6 5. Nf3 O-O 6. Be2 e5 7. O-O Na6 8.
Re1 c6 9. Bf1 exd4 10. Nxd4 Ng4 11. h3 Qb6 12. hxg4 Qxd4 13. g3 Nc5 14. Qc2
f5 15. gxf5 Qf6 16. Be3 1/2-1/2

[Event "ch-ISR"]
[Site "Ramat Aviv ISR"]
[Date "2004.09.20"]
[Round "2"]
[White "Postny,E"]
[Black "Gruenfeld,Y"]
[Result "1/2-1/2"]
[WhiteElo "2563"]
[BlackElo "2471"]
[EventDate "2004.09.19"]

1. d4 Nf6 2. c4 e6 3. Nf3 b6 4. g3 Ba6 5. b3 Bb4+ 6. Bd2 Be7 7. Bg2 c6 8.
Ne5 d5 9. Bc3 Nfd7 10. Nxd7 Nxd7 11. Nd2 Nf6 12. O-O Rc8 13. e4 dxe4 14.
Nxe4 O-O 15. Re1 b5 16. c5 Nd5 17. Bb2 Rc7 18. Qe2 Rd7 19. Nd2 Bf6 20. Nf3
Qc7 21. Bf1 Bc8 22. Qe4 g6 23. h4 Bg7 24. Qe2 Rdd8 25. a4 a6 26. Ne5 f6 27.
Nd3 Rfe8 28. Bg2 Qf7 29. Qd2 Qb7 30. axb5 Qxb5 31. Nc1 e5 32. Ra4 Qb8 33.
dxe5 fxe5 34. Qc2 Qc7 35. Na2 a5 36. Bc3 Bf5 37. Be4 Bxe4 38. Raxe4 Rb8 39.
Ba1 Rb5 40. Nc1 Nb4 41. Qc3 Qe7 42. Nd3 Nxd3 43. Qxd3 Rxc5 44. f4 Rd5 45.
Qe3 Qc5 46. Qxc5 Rxc5 47. Bxe5 Bxe5 48. fxe5 Rc3 49. R4e3 Rxe3 50. Rxe3 Rb8
51. Rc3 Rb6 52. Kf2 Kf7 53. Rc5 Ke6 54. Rxa5 Rxb3 55. Rc5 Kd7 56. h5 g5 57.
e6+ Kxe6 58. Rxc6+ Kf5 59. Rc4 g4 60. Rc5+ Kf6 61. Rc7 Rf3+ 62. Kg2 h6 63.
Rc6+ Kg5 64. Rc5+ Rf5 65. Rxf5+ Kxf5 66. Kf2 Ke4 1/2-1/2

[Event "ch-ISR"]
[Site "Ramat Aviv ISR"]
[Date "2004.09.20"]
[Round "2"]
[White "Livshits,G"]
[Black "Mikhalevski,V"]
[Result "0-1"]
[WhiteElo "2415"]
[BlackElo "2551"]
[EventDate "2004.09.19"]

1. e4 e5 2. Nf3 Nc6 3. d4 exd4 4. Nxd4 Bc5 5. Nxc6 Qf6 6. Qd2 dxc6 7. Nc3
Bd4 8. Bd3 Ne7 9. O-O Ng6 10. Kh1 Ne5 11. Be2 Ng4 12. Bf3 h5 13. Nd1 Be5
14. h3 Nh2 15. Be2 Nxf1 16. Bxf1 Bg4 17. Kg1 Rd8 18. Bd3 Be6 19. f4 Bd4+
20. Kh1 c5 21. c3 c4 22. Bc2 Bc5 23. Qe1 Bg4 24. Ne3 Qxf4 25. Nf5 Qe5 26.
Qh4 Bxf5 27. Bf4 Qe7 28. Bg5 f6 29. exf5 fxg5 30. Qxc4 Rd2 31. Qb3 Qe2 0-1

[Event "ch-ISR"]
[Site "Ramat Aviv ISR"]
[Date "2004.09.20"]
[Round "2"]
[White "Sidorenko,I"]
[Black "Golod,V"]
[Result "0-1"]
[WhiteElo "2283"]
[BlackElo "2538"]
[EventDate "2004.09.19"]

1. e4 e5 2. Nf3 Nc6 3. Bc4 Bc5 4. b4 Bxb4 5. c3 Bd6 6. d4 Nf6 7. O-O O-O 8.
Re1 h6 9. Nh4 exd4 10. Ng6 b5 11. Nxf8 bxc4 12. Nxd7 Qxd7 13. Na3 Ne5 14.
Qxd4 Nd3 15. Re3 Bc5 16. Qxc4 Nxc1 0-1

[Event "ch-ISR"]
[Site "Ramat Aviv ISR"]
[Date "2004.09.20"]
[Round "2"]
[White "Gofshtein,Z"]
[Black "Krayz,A"]
[Result "1-0"]
[WhiteElo "2540"]
[BlackElo "2424"]
[EventDate "2004.09.19"]

1. Nf3 Nf6 2. d4 e6 3. c4 Bb4+ 4. Nbd2 O-O 5. a3 Bxd2+ 6. Bxd2 Ne4 7. Bf4
d6 8. e3 b6 9. Qc2 Bb7 10. O-O-O Nd7 11. Ne1 Qh4 12. d5 f5 13. f3 e5 14.
fxe4 exf4 15. Nf3 Qh6 16. exf5 fxe3 17. Kb1 c6 18. g4 Qf4 19. Be2 Ne5 20.
Nd4 Rf7 21. Ne6 Qf2 22. Rhf1 Qh4 23. dxc6 Bxc6 24. Rxd6 Rd7 25. Rxd7 Bxd7
26. Qe4 Nc6 27. Qd5 1-0

[Event "ch-ISR"]
[Site "Ramat Aviv ISR"]
[Date "2004.09.20"]
[Round "2"]
[White "Zoler,D"]
[Black "Gerzhoy,L"]
[Result "0-1"]
[WhiteElo "2518"]
[BlackElo "2376"]
[EventDate "2004.09.19"]

1. d4 Nf6 2. c4 e6 3. Nf3 b6 4. a3 Bb7 5. Nc3 d5 6. cxd5 Nxd5 7. Qc2 c5 8.
e4 Nxc3 9. bxc3 Nd7 10. Bd3 Qc7 11. O-O cxd4 12. cxd4 Qxc2 13. Bxc2 Be7 14.
Bb2 O-O 15. Rfd1 Rac8 16. Bd3 Rfd8 17. Kf1 e5 18. d5 f6 19. Ke1 Nc5 20. Bc2
Ba6 21. Rd2 Bc4 22. Ng1 Bb3 23. f3 Bxc2 24. Rxc2 Nb3 25. Rxc8 Rxc8 26. Rb1
Rc2 27. Ne2 Nd2 28. Kd1 Nxb1 29. Kxc2 Nxa3+ 30. Bxa3 Bxa3 31. Kb3 Bd6 32.
Nc3 a6 33. Ka4 Kf7 34. Na2 Ke7 35. Nb4 Bxb4 36. Kxb4 Kd7 37. g4 g5 38. h3
Kc7 39. Kc4 Kd6 40. Kb4 b5 41. Kc3 a5 42. Kb3 Kc5 43. Ka3 a4 44. Kb2 b4 45.
Kc2 b3+ 46. Kc3 Kb5 47. Kd2 a3 48. Kc3 a2 49. Kb2 Kc5 50. Ka1 Kc4 51. Kb2
Kd3 0-1

[Event "ch-ISR"]
[Site "Ramat Aviv ISR"]
[Date "2004.09.20"]
[Round "2"]
[White "Kantsler,B"]
[Black "Shevelev,A"]
[Result "1/2-1/2"]
[WhiteElo "2474"]
[BlackElo "2340"]
[EventDate "2004.09.19"]

1. d4 Nf6 2. c4 c5 3. d5 b5 4. Nf3 bxc4 5. Nc3 d6 6. e4 Nbd7 7. Bxc4 g6 8.
O-O Bg7 9. h3 Rb8 10. Re1 O-O 11. Rb1 Ng4 12. hxg4 Bxc3 13. Re3 Bg7 14. g5
Ne5 15. Nxe5 Bxe5 16. Ra3 a5 17. Bd2 Ra8 18. Qe1 a4 19. b3 Bd7 20. bxa4
1/2-1/2

[Event "ch-ISR"]
[Site "Ramat Aviv ISR"]
[Date "2004.09.20"]
[Round "2"]
[White "Khmelniker,I"]
[Black "Kaplan,S"]
[Result "1-0"]
[WhiteElo "2444"]
[BlackElo "2326"]
[EventDate "2004.09.19"]

1. d4 Nf6 2. c4 c5 3. d5 e6 4. Nc3 exd5 5. cxd5 d6 6. e4 g6 7. f4 Bg7 8.
Nf3 O-O 9. Be2 Bg4 10. O-O Nbd7 11. Re1 Re8 12. Bf1 a6 13. a4 Rc8 14. h3
Bxf3 15. Qxf3 c4 16. Be3 Nc5 17. Bf2 Nb3 18. Rad1 Nd7 19. e5 dxe5 20. d6
exf4 21. Rxe8+ Qxe8 22. Nd5 Kh8 23. Ne7 Rb8 24. Bxc4 Na5 25. Ba2 Be5 26.
Qd5 Nc6 27. Qxf7 Qxf7 28. Bxf7 Kg7 29. Be6 Nf8 30. Bg4 Nd8 31. d7 Kf7 32.
Nc8 h5 33. Bf3 Kf6 34. Ba7 Ra8 35. Bb6 Nfe6 36. Bd5 Nc7 37. Ba2 1-0

[Event "ch-ISR"]
[Site "Ramat Aviv ISR"]
[Date "2004.09.20"]
[Round "2"]
[White "Zilberman,Y"]
[Black "Kataev,Si"]
[Result "1-0"]
[WhiteElo "2430"]
[BlackElo "2286"]
[EventDate "2004.09.19"]

1. d4 a6 2. Nf3 Nf6 3. Bf4 d5 4. e3 e6 5. Nbd2 c5 6. c3 Nc6 7. Bd3 Bd6 8.
Bg3 O-O 9. O-O Bxg3 10. hxg3 c4 11. Bc2 b5 12. e4 dxe4 13. Nxe4 Bb7 14. Re1
Nxe4 15. Bxe4 g6 16. Qd2 Kg7 17. b3 cxb3 18. axb3 Qb6 19. c4 Rad8 20. Qc3
Kg8 21. d5 exd5 22. Bxd5 Nb8 23. Bxb7 Qxb7 24. Ne5 Qb6 25. c5 Qf6 26. c6
Rde8 27. Rac1 b4 28. Qc5 a5 29. Qxa5 Nxc6 30. Nxc6 Rxe1+ 31. Rxe1 Qxc6 32.
Qxb4 Rc8 33. Qd4 Rb8 34. b4 Rc8 35. g4 Qb5 36. g3 Qb8 37. Kh2 Rd8 38. Qe4
Qb6 39. Re2 Qf6 40. Qf4 Qc6 41. Re7 Rf8 42. Rc7 Qb6 43. Kg1 h6 44. Qc4 Qf6
45. Rc6 Qa1+ 46. Kg2 Kg7 47. b5 Ra8 48. Qc3+ Qxc3 49. Rxc3 Rb8 50. Rb3 Rb6
51. Kf3 Kf6 52. Ke4 Ke6 53. Kd4 Kd6 54. Kc4 Kc7 55. Rf3 f6 56. Kc5 Re6 57.
Re3 1-0

[Event "ch-ISR"]
[Site "Ramat Aviv ISR"]
[Date "2004.09.20"]
[Round "2"]
[White "Kantarji,P"]
[Black "Bykhovsky,An ISR"]
[Result "1/2-1/2"]
[WhiteElo "2414"]
[BlackElo "2209"]
[EventDate "2004.09.19"]

1. e4 c5 2. Nf3 Nc6 3. d4 cxd4 4. Nxd4 Nf6 5. Nc3 e5 6. Ndb5 d6 7. Bg5 a6
8. Na3 b5 9. Bxf6 gxf6 10. Nd5 f5 11. exf5 Bxf5 12. c3 Bg7 13. Nc2 O-O 14.
Nce3 Be6 15. Bd3 f5 16. Qh5 e4 17. Bc2 Ne7 18. Rd1 Nxd5 19. Nxd5 b4 20.
Nxb4 a5 21. Nd5 Rb8 22. Bb3 a4 23. Nf4 Bxb3 24. axb3 Rxb3 25. Qe2 Qc8 26.
O-O Be5 27. Nd5 Kh8 28. f3 exf3 29. Rxf3 Qe8 30. Qf2 Qh5 31. g3 Rxb2 32.
Qxb2 Qxf3 33. Qd2 f4 34. Rf1 Qxf1+ 35. Kxf1 fxg3+ 36. Ke1 gxh2 37. Qh6 Rg8
38. Nf6 h1=Q+ 39. Qxh1 Bxc3+ 40. Ke2 Bxf6 41. Qc6 a3 42. Qxd6 Bb2 43. Qd5
Re8+ 44. Kd3 Re5 45. Qf7 Rg5 46. Kc2 1/2-1/2

[Event "ch-ISR"]
[Site "Ramat Aviv ISR"]
[Date "2004.09.20"]
[Round "2"]
[White "Birnboim,N"]
[Black "Porat,S"]
[Result "0-1"]
[WhiteElo "2349"]
[BlackElo "2431"]
[EventDate "2004.09.19"]

1. e4 c5 2. b3 Nf6 3. e5 Nd5 4. Nf3 Nc6 5. Bb2 g6 6. Ng5 Bg7 7. Nxf7 Kxf7
8. Qf3+ Nf6 9. exf6 Bxf6 10. Bxf6 exf6 11. Qd5+ Kg7 12. Qxc5 Re8+ 13. Kd1
d6 14. Qc3 Qb6 15. Qg3 Bf5 16. Nc3 Nb4 17. Rc1 Rac8 18. Bc4 Qd4 19. a3 d5
20. axb4 dxc4 21. Nb5 Qe4 22. Nc3 Re5 23. Rb1 b5 24. bxc4 Rxc4 25. Ra1 Re7
26. Kc1 Rxb4 27. d3 Qc6 28. Kd2 Bxd3 29. Rae1 Rd7 0-1